000 00381cam a2200157ua 4500
003 OSt
008 250806b |||||||| |||| 00| 0 eng d
041 _aeng
082 _a625.7
_bDAW/MO
100 _aDawson, Royal.F.G .
_97647
245 _aMotorways, flyovers and mountain roads /
250 _a1 /
260 _a :
_bE & F.N Spon ,
_c1938.
300 _a176 ; .
942 _cBK
999 _c2364
_d2364